| 000 | 00767nam a22002057a 4500 | ||
|---|---|---|---|
| 005 | 20220507102526.0 | ||
| 008 | 220507b ||||| |||| 00| 0 eng d | ||
| 040 | _cAL | ||
| 041 | _aKannada | ||
| 082 |
_223 _a355K _bBALR |
||
| 100 |
_aH K Balasuri ಎಚ್. ಕೆ. ಬಾಲಸೂರಿ _934678 |
||
| 245 | _aRakshavahini:Bharatiya senapadegala parichaya ರಕ್ಷವಾಹಿನಿ :ಭಾರತೀಯ ಸೇನಾಪಡೆಗಳ ಪರಿಚಯ | ||
| 260 |
_aBengaluru _bAnoohya Creations _c2000 |
||
| 300 |
_axvi,136 p. _bPB _c24x18 cm. |
||
| 365 |
_c₹ _d₹375.00 |
||
| 650 |
_aYuddagalu ಯುದ್ಧಗಳು _934679 |
||
| 650 |
_aಯೋಧರು ಮತ್ತು ಸಾಧನೆ _934680 |
||
| 700 |
_aBALASURI (H K) _934681 |
||
| 942 |
_2ddc _cGF |
||
| 999 |
_c222828 _d222828 |
||